000 00406nam a2200193Ia 4500
005 20251020182537.0
008 200515s9999 xx 000 0 und d
082 _a725.74/C96
100 _aCUSA RAMOS, Juan de
245 0 _aPiscinas
250 _a18a ed.
260 _aBarcelona
260 _c1962
300 _a344
500 _a1 ejemplar
650 _aLIB
650 _aPISCINAS
942 _cLIB
999 _c2283
_d2283